Pays dont les capitales sont sur des îles - Statistiques

Statistiques générales
  • Ce quiz a été pris 71 fois
    3 depuis la dernière actualisation
  • Le résultat moyen est 44 sur 51
Statistiques - réponses
Réponse % Correct
Australie
100%
Bahamas
100%
Barbade
100%
Cap-Vert
100%
Chypre
100%
Comores
100%
Cuba
100%
Danemark
100%
Haïti
100%
îles Salomon
100%
Indonésie
100%
Irlande
100%
Islande
100%
Jamaïque
100%
Japon
100%
Madagascar
100%
Maldives
100%
Malte
100%
Maurice
100%
Nauru
100%
Papouasie-Nouvelle-Guinée
100%
République dominicaine
100%
Saint-Christophe-et-Niévès
100%
Sainte-Lucie
100%
Samoa
100%
Seychelles
100%
Sri Lanka
100%
Taïwan
100%
Tonga
100%
Tuvalu
100%
Vanuatu
100%
Antigua-et-Barbuda
67%
Brunei
67%
Dominique
67%
Fidji
67%
Gambie
67%
Grenade
67%
Guinée Equatoriale
67%
îles Marshall
67%
Kiribati
67%
Micronésie
67%
Nouvelle-Zélande
67%
Palaos
67%
Philippines
67%
Royaume-Uni (...)
67%
Saint-Vincent-et-les-Grenadines
67%
Sao Tomé et Principe
67%
Singapour
67%
Timor Oriental
67%
Trinité-et-Tobago
67%
Bahreïn
33%
Aucun quiz correspondant
Distribution des résultats
% des personnes avec chaque résultat
Percentile par nombre de réponses
Votre historique - résultats
Vous n’avez pas pris ce quiz depuis la dernière actualisation